[Event "Wil Acrevis op 1st"]
[Site "Wil"]
[Date "2020.06.21"]
[Round "5"]
[White "Niederberger, Raphael"]
[Black "Dohon, Marius"]
[Result "1-0"]
[WhiteElo "1947"]
[BlackElo "1787"]
[PlyCount "99"]
[EventDate "2020.06.19"]
[EventType "swiss"]
[EventRounds "5"]
[EventCountry "SUI"]
[SourceTitle "CBM 197 Extra"]
[Source "ChessBase"]
[SourceDate "2020.09.30"]
[SourceVersion "1"]
[SourceVersionDate "2020.09.30"]
[SourceQuality "1"]

1. e4 c5 2. Nf3 d6 3. d4 cxd4 4. Nxd4 Nf6 5. Nc3 g6 6. Be3 Bg7 7. f3 Nc6 8. Bc4 Bd7 9. Bb3 Na5 10. Qd2 Nxb3 11. cxb3 h5 12. h4 a6 13. 0-0-0 b5 14. Rhe1 b4 15. Nd5 Nxd5 16. exd5 Qa5 17. Kb1 Qxd5 18. Bg5 f6 19. Bf4 e5 20. Qxb4 0-0 21. Nc2 Qb5 22. Qxb5 axb5 23. Rxd6 Bf5 24. Be3 Rac8 25. Re2 Rc7 26. Rdd2 Rfc8 27. Bb6 Bh6 28. Bxc7 Bxd2 29. Rxd2 Rxc7 30. Kc1 e4 31. Kd1 exf3 32. gxf3 Ra7 33. a3 Re7 34. a4 Bd7 35. a5 Bc6 36. Rd8+ Kf7 37. Nd4 Bb7 38. Kd2 b4 39. Rd6 g5 40. a6 Ba8 41. Rd8 Bxf3 42. Nxf3 g4 43. Ne1 Ra7 44. Rd6 Ra8 45. Ke2 Kg6 46. Kf1 Kf5 47. Rb6 Rf8 48. Kg2 Ke4 49. Rxb4+ Ke5 50. Nd3+ 1-0

[Event "Wil Acrevis op 1st"]
[Site "Wil"]
[Date "2020.06.21"]
[Round "4"]
[White "Schnell, Simon"]
[Black "Dohon, Marius"]
[Result "0-1"]
[WhiteElo "1562"]
[BlackElo "1787"]
[PlyCount "70"]
[EventDate "2020.06.19"]
[EventType "swiss"]
[EventRounds "5"]
[EventCountry "SUI"]
[SourceTitle "CBM 197 Extra"]
[Source "ChessBase"]
[SourceDate "2020.09.30"]
[SourceVersion "1"]
[SourceVersionDate "2020.09.30"]
[SourceQuality "1"]

1. d4 Nf6 2. c4 c5 3. d5 d6 4. Nc3 g6 5. e4 Bg7 6. Nf3 e6 7. dxe6 fxe6 8. Bd3 Nc6 9. Be3 Ng4 10. Bg5 Qa5 11. Bd2 Nge5 12. Nxe5 Nxe5 13. Be2 Qb6 14. 0-0 Bd7 15. Rb1 Nc6 16. Be3 Be5 17. Qd2 a6 18. b4 Qc7 19. b5 Nd4 20. f4 Bg7 21. Kh1 Qa5 22. bxa6 bxa6 23. Rfd1 0-0 24. Bf1 Bc6 25. Ne2 Qxd2 26. Rxd2 Bxe4 27. Rb6 Nf5 28. Bf2 Rfb8 29. Rxb8+ Rxb8 30. Ng3 Nxg3+ 31. Bxg3 Bd4 32. Bf2 Bxf2 33. Rxf2 Rb1 34. Kg1 Bd3 35. g3 Bxc4 0-1

[Event "Wil Acrevis op 1st"]
[Site "Wil"]
[Date "2020.06.20"]
[Round "3"]
[White "Dohon, Marius"]
[Black "Sommer, Alexander"]
[Result "1-0"]
[WhiteElo "1787"]
[BlackElo "1452"]
[PlyCount "31"]
[EventDate "2020.06.19"]
[EventType "swiss"]
[EventRounds "5"]
[EventCountry "SUI"]
[SourceTitle "CBM 197 Extra"]
[Source "ChessBase"]
[SourceDate "2020.09.30"]
[SourceVersion "1"]
[SourceVersionDate "2020.09.30"]
[SourceQuality "1"]

1. d4 d5 2. Nf3 Bf5 3. c4 c6 4. Nc3 Nf6 5. cxd5 cxd5 6. Bf4 a6 7. Qb3 b5 8. a4 bxa4 9. Rxa4 Bd7 10. Ra1 e6 11. e3 Ke7 12. Ne5 Nh5 13. Qb7 f6 14. Qxa8 Nxf4 15. Nxd7 Nxg2+ 16. Bxg2 1-0

[Event "Stein am Rhein op 11th"]
[Site "Stein am Rhein"]
[Date "2020.02.09"]
[Round "4"]
[White "Wagner, Margarethe"]
[Black "Dohon, Marius"]
[Result "1-0"]
[WhiteElo "1815"]
[BlackElo "1762"]
[PlyCount "39"]
[EventDate "2020.02.07"]
[EventType "swiss"]
[EventRounds "5"]
[EventCountry "SUI"]
[SourceTitle "CBM 195 Extra"]
[Source "ChessBase"]
[SourceDate "2020.05.31"]
[SourceVersion "1"]
[SourceVersionDate "2020.05.31"]
[SourceQuality "1"]

1. e4 c5 2. Nf3 d6 3. d4 cxd4 4. Nxd4 Nf6 5. Nc3 g6 6. f3 Bg7 7. Be3 Nc6 8. Qd2 0-0 9. 0-0-0 Bd7 10. g4 Rc8 11. h4 Ne5 12. h5 Re8 13. hxg6 fxg6 14. Bg5 Qa5 15. Bxf6 exf6 16. Nb3 Qb6 17. Qxd6 Qe3+ 18. Qd2 Qxf3 19. Be2 Qf2 20. Bc4+ 1-0